• 首页
  • 本馆介绍
  • 公告通知
  • 最新文献
  • 馆藏检索
  • 电子资源
  • 读者导购
  • 参考咨询
  • 我的图书馆
  • 登录
  • 详细信息显示
  • 放入我的书架
  • 预约/预借图书
  • 作者相关作品
  • 分类相关作品
  • 丛书相关作品
  • 出版社相关作品

书目信息

  • 表格格式
  • 工作单格式
  • 卡片格式
题名:
遗传学实验
    
 
作者: 杨大翔
分册:  
出版信息: 北京   科学出版社  2004
页数: 162
开本: 23cm
丛书名:
单 册:
中图分类: Q3-3
科图分类:
主题词: 遗传学--研究方法 , 实验遗传学
电子资源:
ISBN: 7-03-013881-1
000 00548nam0 2200193 450
001 1735540546
005 20170410095220.54
010    @a7-03-013881-1@d¥18.00
100    @a20170410d km y0chiy0120 ea
101 0  @achi
200 1  @a遗传学实验@Ayi chuan xue shi yan@f杨大翔@Fyang da xiang
210    @a北京@c科学出版社@d2004
215    @a162@d23cm
606 0  @a遗传学@x研究方法
606 0  @a实验遗传学
690    @aQ3-3@v4
701  0 @a杨大翔@Ayang da xiang
801  0 @aCN@b大连网信软件有限公司图书馆·11@c20170410
905    @b6602664@dQ3-3@en4@f1
    
    遗传学实验/杨大翔.-北京:科学出版社,2004
    162;23cm
    
    
    ISBN 7-03-013881-1:¥18.00
    
●
相关链接 在E读中查询图书 在五车中查询图书 在当当中查询图书 在豆瓣中查询图书


正题名:遗传学实验     索取号:Q3-3/n4         预约/预借

序号 登录号 条形码 馆藏地/架位号 状态 备注
1 6602664   266026640   密集书库-生命科学系/ [索取号:Q3-3/n4] 在馆    
唐山师范学院图书馆 欢迎您!
大连网信软件有限公司© 版权所有